|
|
|
|
| LEADER |
01041cam a2200169 7i4500 |
| 001 |
0000136693 |
| 005 |
20100809090000.0 |
| 002 |
0000001759 |
| 090 |
0 |
0 |
|a LP 27 FST 3 2004
|
| 100 |
1 |
# |
|a Wong Yin Yee
|
| 245 |
1 |
0 |
|a Komposisi spesies dan kelimahan relatif lalat buah, Bactrocera spp. (Diptera : Tephritidae) di ekosistem kampung di Terengganu
|c Wong Yin Yee.
|
| 260 |
# |
# |
|a Terengganu:
|b Kolej Universiti Sains dan Teknologi Malaysia,
|c 2004.
|
| 300 |
|
|
|a ix, 53 p.:
|b ill.;
|c 30 cm..
|
| 502 |
# |
# |
|a Laporan Projek FST (Ijazah Sarjana Muda Sains - Sains Biologi) 2004
|
| 520 |
3 |
# |
|a Peninjauan komposisi spesies dan kelimpahan relatif Bactrocera sp. di ekosistem kampung dengan penggunaan perangkap berumpan metil eugenol, kue-lur dan protein serta pengutipan buah yang mengalami infestasi telah dilaksanakan di Kampung Pak Pa, Terganu dari 6/8/2003. Sebanyak 10 Bactrocera sp. iaitu B.papayae (Drew and Hancock), spesies perantaraan B. papayae dan B.carambolae...
|
| 602 |
# |
# |
|a Laporan Projek FST 2004
|
| 999 |
|
|
|a 1100030780
|b Book
|c LAPORAN PROJEK
|e BILIK ARKIB
|